Sports Quiz

Random Sports Quiz

Cycling teams by achievement Quiz Stats

Quiz not verified by Sporcle

Challenge
Share
Tweet
Embed
Score 0/13 Timer 03:00
0 Plays Today
% Correct
Euskaltel–Euskadi
97.9%
Astana
97.9%
Team Sky
97.2%
Tinkoff-Saxo
97.2%
Banesto
95.1%
MTN–Qhubeka
95.1%
HTC
95.1%
US Postal
94.4%
Katusha
93.7%
Lampre
93%
Garmin
93%
RadioShack-Nissan
86.7%
Trek
79%

You're not logged in!

Compare scores with friends on all Sporcle quizzes.
Sign Up with Email
OR
Log In

You Might Also Like...

Show Comments

Extras

Top Quizzes Today


Score Distribution

Your Account Isn't Verified!

In order to create a playlist on Sporcle, you need to verify the email address you used during registration. Go to your Sporcle Settings to finish the process.